25 Fastest Men - Statistics

General Stats
  • This quiz has been taken 357 times
  • The average score is 7 of 25
Answer Stats
Time Country Runner % Correct
9.58 Jamaica Usain Bolt
99%
9.69 United States Tyson Gay
70%
9.72 Jamaica Asafa Powell
67%
9.86 United States Carl Lewis
59%
9.79 United States Justin Gatlin
55%
9.79 United States Maurice Greene
41%
9.84 Canada Donovan Bailey
38%
9.87 United Kingdom Linford Christie
36%
9.88 United States Ryan Bailey
35%
9.86 Trinidad and Tobago Ato Boldon
30%
9.78 Jamaica Nesta Carter
25%
9.69 Jamaica Yohan Blake
21%
9.82 Trinidad and Tobago Richard Thompson
17%
9.86 Portugal Francis Obikwelu
16%
9.86 Nambia Frankie Fredricks
16%
9.87 Barbados Obadele Thompson
16%
9.84 Canada Bruny Surin
15%
9.85 United States Leroy Burrell
14%
9.88 Jamaica Michael Frater
11%
9.85 United States Mike Rodgers
6%
9.88 United States Walter Dix
6%
9.88 United States Shawn Crawford
5%
9.80 Jamaica Steve Mullings
5%
9.85 Nigeria Olusoji Fasuba
4%
9.86 Trinidad and Tobago Keston Bledman
3%
No matching quizzes found
Score Distribution
Percent of People with Each Score
Percentile by Number Answered
Your Score History
You have not taken this quiz